| 000 | 00000cam 2200000zi 4500 |
| 001 | 9.961330 |
| 003 | CaOODSP |
| 005 | 20260515142000 |
| 006 | m o d f |
| 007 | cr cn||||||||| |
| 008 | 260326e202604##onca ob f000 0 eng d |
| 020 | |a9780660992266 |
| 040 | |aCaOODSP|beng|erda|cCaOODSP |
| 043 | |an-cn-nt |
| 045 | |ax4y2 |
| 086 | 1 |aFs70-6/2026-018E-PDF |
| 245 | 00|aLake whitefish (Coregonus clupeaformis) stock assessment for Great Slave Lake, 2022. |
| 246 | 17|aGreat Slave Lake, lake whitefish stock assessment, 2022 |
| 264 | 1|a[Ottawa] : |bCanadian Science Advisory Secretariat, |cApril 2026. |
| 264 | 4|c©2026 |
| 300 | |a1 online resource (18 pages) : |billustrations (some colour). |
| 336 | |atext|btxt|2rdacontent |
| 337 | |acomputer|bc|2rdamedia |
| 338 | |aonline resource|bcr|2rdacarrier |
| 490 | 1 |aScience advisory report, |x1919-5087 ; |v2026/018 |
| 500 | |aIssued also in French under title: Évaluation des stocks de grand corégone (Coregonus clupeaformis) dans le Grand lac des Esclaves, 2022. |
| 500 | |aTitle from caption. |
| 504 | |aIncludes bibliographical references (page 17). |
| 650 | 0|aLake whitefish|zNorthwest Territories|zGreat Slave Lake. |
| 650 | 0|aLake whitefish fisheries|zNorthwest Territories|zGreat Slave Lake. |
| 650 | 0|aFish stock assessment|zNorthwest Territories|zGreat Slave Lake. |
| 710 | 2 |aCanadian Science Advisory Secretariat, |eissuing body. |
| 710 | 1 |aCanada. |bDepartment of Fisheries and Oceans. |bArctic Region, |eissuing body. |
| 775 | 08|tÉvaluation des stocks de grand corégone (Coregonus clupeaformis) dans le Grand lac des Esclaves, 2022.|w(CaOODSP)9.961331 |
| 830 | #0|aScience advisory report (Canadian Science Advisory Secretariat)|x1919-5087 ; |v2026/018.|w(CaOODSP)9.506226 |
| 856 | 40|qPDF|s1.64 MB|uhttps://publications.gc.ca/collections/collection_2026/mpo-dfo/fs70-6/Fs70-6-2026-018-eng.pdf |